| 000 | 00899nam a2200265 a 4500 | ||
|---|---|---|---|
| 005 | 20240925064352.0 | ||
| 008 | 010924s1998 mx r 000 0 spa d | ||
| 020 | _a9682321514 | ||
| 035 | _aUPN01000147719 | ||
| 049 | _aCG | ||
| 050 | 4 |
_aBF723 A8.7 _bB6.3a 1998 |
|
| 100 | 1 | _aBornas I Agustí, Xavier | |
| 245 | 1 | 3 |
_aLa autonomía personal en la infancia : _bestrategias cognitivas y pautas para su desarrollo / _cXavier Bornas I Agustí. |
| 250 | _a2a ed. | ||
| 260 |
_aMéxico : _bSiglo XXI, _c1998. |
||
| 300 | _axiii, 163 p. : | ||
| 440 | 0 | _aEducación | |
| 534 |
_pTraducción de: _tEl desenvolupament de l'autonomia personal |
||
| 590 | _a(También localizas un ejemplar en el "Area de Reserva") | ||
| 590 | _aBibliografía Básica (BGTQ), 2010 | ||
| 650 | 4 |
_aAUTONOMIA EN LOS NIÑOS _93010 |
|
| 650 | 4 |
_aCognición _96446 |
|
| 650 | 4 |
_aNiño, Estudio del _9221 |
|
| 905 | _aLibro | ||
| 999 |
_c119862 _d119862 |
||